|
|
|
|
| LEADER |
01450nam a2200361 a 4500 |
| 001 |
000731183 |
| 003 |
CZ BrMZK |
| 005 |
20090825111916.0 |
| 007 |
ta |
| 008 |
040831s2004 xr erp 000 0 cze d |
| 015 |
|
|
|a cnb001415291
|
| 020 |
|
|
|a 80-7318-198-3
|q (brož.)
|
| 035 |
|
|
|a (OCoLC)50345978
|
| 040 |
|
|
|a BOA001
|b cze
|
| 072 |
|
7 |
|a 005
|x Management. Řízení
|2 Konspekt
|9 4
|
| 072 |
|
7 |
|a 37.016
|x Učební osnovy. Vyučovací předměty. Učebnice
|2 Konspekt
|9 22
|
| 080 |
|
|
|a 005.95/.96
|2 MRF
|
| 080 |
|
|
|a (075.8)
|2 MRF
|
| 100 |
1 |
|
|a Gregar, Aleš,
|d 1945-
|7 mzk2002102593
|4 aut
|
| 245 |
1 |
0 |
|a Personální řízení I. :
|b vybrané kapitoly /
|c Aleš Gregar
|
| 250 |
|
|
|a Vyd. 3. nezměn.
|
| 260 |
|
|
|a Zlín :
|b Univerzita Tomáše Bati ve Zlíně,
|c 2004
|
| 300 |
|
|
|a 163 s. ;
|c 29 cm
|
| 500 |
|
|
|a Nad názvem: Univerzita Tomáše Bati ve Zlíně. Fakulta managementu a ekonomiky
|
| 500 |
|
|
|a 200 výt.
|
| 504 |
|
|
|a Obsahuje bibliografii
|
| 650 |
0 |
7 |
|a personální management
|7 ph115721
|2 czenas
|
| 655 |
|
7 |
|a učebnice vysokých škol
|7 fd133772
|2 czenas
|
| 710 |
2 |
|
|a Univerzita Tomáše Bati ve Zlíně.
|b Fakulta managementu a ekonomiky
|7 kn20010709196
|
| 856 |
4 |
1 |
|u http://www.digitalniknihovna.cz/mzk/uuid/uuid:fb189910-5070-11e4-8344-005056827e52
|y Digitalizovaný dokument
|x NDK
|
| 910 |
|
|
|a BOA001
|b 3-1139.346
|
| 990 |
|
|
|a BK
|
| 996 |
6 |
|
|b 2610227751
|c 3-1139.346
|l MZK
|r Sklad / do 1 hodiny
|n 1
|p p.v.
|w 000731183
|u 000010
|a 1
|e BOA001
|j MZK50
|s P
|